000 00401pam a2200157a 44500
008 230515b1992 xxu||||| |||| 00| 0 eng d
020 _aNULL
041 _aENGLISH
082 _a610.73
100 _aSUZANNE C SMELTZER & BRENDA G BARE
245 _aBRUNNER & SUDDARTHS TEXT BOOK OF MEDICAL SURGICAL NURSING
250 _a0
260 _a
_bLIPPINCOTT
_c1992
300 _a2012+65
650 _aNULL
999 _c526071
_d526071